| 000 | 00863nam a2200217Ia 4500 | ||
|---|---|---|---|
| 001 | 15306 | ||
| 003 | GE_BSU | ||
| 008 | 181216s||||||||xx |||||||||||||| ||und|| | ||
| 040 | _cGE_BSU | ||
| 080 | _a821.353.1 | ||
| 100 | _aყაზბეგი, ალექსანდრე | ||
| 245 | _aთხზულებანი | ||
| 245 | _cშემდგ.ზ.აბესაძე. წინასიტყვ. ავტ.თ.ჭილაძე.რედ. ი.შაიშმელაშვილ.მხატვ. ო.ქოჩაკიძე. ა. სლოვინსკი. ი. ჩიკვაიძე | ||
| 260 | _aთბილისი | ||
| 260 | _bსაბჭოთა საქართველო | ||
| 260 | _c1985 | ||
| 300 | _a797გვ.22სმ. | ||
| 300 | _e1ფ.პორტრ. | ||
| 653 | _aთხზულებანი | ||
| 942 | _cBK | ||
| 999 |
_c48414 _d48414 |
||